000 00873nam a22002177a 4500
999 _c20142
_d20142
003 AR-CdUCM
008 190527b ||||| |||| 00| 0 spa d
020 _a84-8387-013-4
040 _aMUNICIPALIDAD PROVINCIAL DEL CUSCO
_cBIBLIOTECA MUNICIPAL DEL CUSCO
082 _a498.53 /
_bG63
100 _aGondenzzi, Juan Carlos y Vengoa Zúñiga, Jannett
_942124
110 _aAsociación Pukllasunchis - Cusco
_927515
245 _aRunasimimanta yuyaychakusun :
_bManual de lingüística quechua para bilingües /
260 _aCusco :
_b"Bartolomé de las casas",
_c1994.
300 _a201 páginas ;
_cIlustraciones a b/n
505 _aContenido: Deixis(coordenadas de la conversación) -- Actos de habla -- Construcción del texto -- Construcción semántica...
650 _aQuechua
_92063
650 _aQuechua cusqueña
_942125
942 _2ddc
_cLIBROS
945 _aAndy